000 00393 a2200169 4500
001 184329
020 _a85-16-04577-3
040 _cMagnum
100 _aMc Donald, Megan
240 1 0 _aJudy moody salva o mundo!
_lpor
245 1 0 _aJudy moody salva o mundo!
300 _a174
362 0 _a2005
440 1 _aSalamandra
697 _aLITERATURA INFANTO-JUVENIL ESTRANGEIRA
942 _cBK
999 _c184329
_d184329